| 000 | 00742nam a2200217 u 4500 | ||
|---|---|---|---|
| 005 | 20210223132413.0 | ||
| 008 | 140701s2005 r 000 0 eng d | ||
| 020 | _a9685981272 | ||
| 035 | _aUPN01000198447 | ||
| 049 | _aCG | ||
| 050 | 4 |
_aPR2825 _bA6.8 |
|
| 245 | 0 | 0 |
_aApuntes sobre El mercader de Venecia/ _ced., tr. y notas Martín Casillas. |
| 260 |
_aMéxico : _bEl Globo Rojo, _c2005. |
||
| 300 | _a143 p. | ||
| 440 | 0 |
_aCuadernos del taller de lectura de Shakespeare ; _v15 |
|
| 600 | 1 | 4 |
_aSHAKESPEARE, WILLIAM, _d1564-1616. _tEL MERCADER DE VENECIA _923362 |
| 600 | 1 | 4 |
_aSHAKESPEARE, WILLIAM, _d1564-1616 - _xCRITICA TEXTUAL _923348 |
| 700 | 1 |
_aCasillas de Alba, Martín, _d1941- _eed. _934007 |
|
| 905 | _aLibro | ||
| 999 |
_c170548 _d170548 |
||